[Event "POL-chT U20 1st League"]
[Site "Suchedniow"]
[Date "2016.07.30"]
[Round "8.24"]
[White "Bilczewska, Olga"]
[Black "Moscicka, Pola"]
[Result "1/2-1/2"]
[WhiteElo "1520"]
[BlackElo "1769"]
[PlyCount "63"]
[EventDate "2016.07.23"]
[EventType "team-tourn"]
[EventRounds "9"]
[EventCountry "POL"]
[SourceTitle "EXT 2019"]
[Source "ChessBase"]
[SourceDate "2018.10.10"]
[SourceVersion "1"]
[SourceVersionDate "2018.10.10"]
[SourceQuality "1"]

1. e4 c6 2. d4 d5 3. Nc3 dxe4 4. Nxe4 Nd7 5. Ng5 Ngf6 6. Bc4 e6 7. Qe2 Nb6 8. Bd3 h6 9. N5f3 c5 10. dxc5 Bxc5 11. Ne5 0-0 12. Ngf3 Nbd7 13. Nxd7 Qxd7 14. 0-0 b6 15. Rd1 Qe7 16. b3 Bb7 17. Bb2 Rfd8 18. c4 Ng4 19. Rf1 Qd6 20. Be4 Bxe4 21. Qxe4 Nxf2 22. Rxf2 Qd3 23. Qe5 Bxf2+ 24. Kxf2 Qc2+ 25. Qe2 Qxe2+ 26. Kxe2 f6 27. Rd1 Rxd1 28. Kxd1 e5 29. Ke2 Kf7 30. Ke3 Ke6 31. g4 Rc8 32. Ba3 1/2-1/2

[Event "POL-chT U20 1st League"]
[Site "Suchedniow"]
[Date "2016.07.26"]
[Round "4.12"]
[White "Bilczewska, Olga"]
[Black "Bienko, Jagoda"]
[Result "1-0"]
[WhiteElo "1520"]
[BlackElo "1384"]
[PlyCount "117"]
[EventDate "2016.07.23"]
[EventType "team-tourn"]
[EventRounds "9"]
[EventCountry "POL"]
[SourceTitle "EXT 2019"]
[Source "ChessBase"]
[SourceDate "2018.10.10"]
[SourceVersion "1"]
[SourceVersionDate "2018.10.10"]
[SourceQuality "1"]

1. e4 c5 2. c3 d5 3. exd5 Qxd5 4. d4 Nc6 5. Nf3 Bg4 6. Be2 e6 7. 0-0 cxd4 8. cxd4 Nf6 9. Nc3 Qd8 10. Be3 Be7 11. Qb3 Qc7 12. Rfd1 Rd8 13. Rac1 Nd5 14. Nxd5 exd5 15. h3 Be6 16. Ne5 f6 17. Nxc6 bxc6 18. Rxc6 Qxc6 19. Bb5 Qd7 20. Bxd7+ Rxd7 21. Rc1 0-0 22. Rc6 Bf7 23. Ra6 Rc8 24. Bf4 Ra8 25. Qg3 Rc8 26. Qb3 Ra8 27. Bb8 Bd8 28. Bd6 Be7 29. Bxe7 Rxe7 30. Qc3 Rd7 31. Qc5 Rb7 32. b4 h6 33. a4 Rab8 34. b5 Ra8 35. a5 Rab8 36. Rxa7 Rxb5 37. Qc7 Rb1+ 38. Kh2 Rf8 39. a6 Rb4 40. Rb7 Rc4 41. Qe7 Rxd4 42. a7 Re4 43. Qd7 Ree8 44. Qb5 d4 45. Rb8 d3 46. Rxe8 Bxe8 47. Qxd3 Bc6 48. Qc4+ Rf7 49. Qxc6 Rxa7 50. Qc8+ Kh7 51. Qf5+ Kg8 52. Qg6 Ra5 53. Qd3 Ra7 54. Kg3 Kh8 55. Kg4 Ra4+ 56. f4 Ra8 57. Kh5 Rf8 58. Qd6 Ra8 59. Kg6 1-0

[Event "POL-chT U19 1st League"]
[Site "Ustron"]
[Date "2015.07.31"]
[Round "7.12"]
[White "Moscicka, Pola"]
[Black "Bilczewska, Olga"]
[Result "1-0"]
[WhiteElo "1644"]
[BlackElo "1673"]
[PlyCount "97"]
[EventDate "2015.07.25"]
[EventType "team-tourn"]
[EventRounds "9"]
[EventCountry "POL"]
[SourceTitle "EXT 2018"]
[Source "ChessBase"]
[SourceDate "2017.10.13"]
[SourceVersion "1"]
[SourceVersionDate "2017.10.13"]
[SourceQuality "1"]
[WhiteTeam "Chylice KS Laura U19"]
[BlackTeam "Rydultowy Ognisko U19"]
[WhiteTeamCountry "POL"]
[BlackTeamCountry "POL"]

1. d4 e6 2. e4 d5 3. Nd2 Nf6 4. e5 Nfd7 5. Bd3 Be7 6. Ne2 0-0 7. 0-0 c5 8. c3 cxd4 9. cxd4 Nc6 10. Nf3 f6 11. exf6 Bxf6 12. Bd2 e5 13. Qb3 Nb6 14. dxe5 Nxe5 15. Nxe5 Bxe5 16. Bc3 Bxc3 17. Qxc3 Qg5 18. Qc1 Qh4 19. b3 Bg4 20. h3 Bd7 21. Qe3 Rae8 22. Qg3 Qf6 23. Rac1 Bc6 24. Qg4 Re5 25. Qd4 Qe7 26. Ng3 Rg5 27. Qh4 h6 28. f4 Qe3+ 29. Kh2 Rxf4 30. Qxf4 Qxd3 31. Rcd1 Qc2 32. Rd2 Qc3 33. Rdf2 d4 34. Ne4 Bxe4 35. Qxe4 Qg3+ 36. Kh1 Rg6 37. Qxd4 Qd6 38. Qxd6 Rxd6 39. Rf8+ Kh7 40. R8f7 Nd7 41. Re1 Nc5 42. Ree7 Rg6 43. b4 Nd3 44. Rxb7 Rg5 45. b5 Ne1 46. Rxa7 Nxg2 47. Rxg7+ Rxg7 48. Rxg7+ Kxg7 49. Kxg2 1-0

[Event "POL-chT U19 1st League"]
[Site "Ustron"]
[Date "2015.07.30"]
[Round "6.24"]
[White "Bilczewska, Olga"]
[Black "Bienko, Jagoda"]
[Result "1-0"]
[WhiteElo "1673"]
[BlackElo "1242"]
[PlyCount "89"]
[EventDate "2015.07.25"]
[EventType "team-tourn"]
[EventRounds "9"]
[EventCountry "POL"]
[SourceTitle "EXT 2018"]
[Source "ChessBase"]
[SourceDate "2017.10.13"]
[SourceVersion "1"]
[SourceVersionDate "2017.10.13"]
[SourceQuality "1"]
[WhiteTeam "Rydultowy Ognisko U19"]
[BlackTeam "Koszalin Hetman Politechnika U19"]
[WhiteTeamCountry "POL"]
[BlackTeamCountry "POL"]

1. e4 c5 2. d4 cxd4 3. c3 dxc3 4. Nxc3 Nc6 5. Bc4 e6 6. Nf3 a6 7. a4 Qc7 8. 0-0 Nf6 9. h3 Be7 10. Re1 0-0 11. Bb3 Re8 12. e5 Nd5 13. Bxd5 exd5 14. Nxd5 Qd8 15. Be3 d6 16. Bb6 Qd7 17. Nc7 dxe5 18. Nxa8 Qf5 19. Qe2 Bb4 20. Red1 e4 21. Nd4 Qg6 22. Kh1 Bxh3 23. gxh3 Rxa8 24. Nxc6 Qxc6 25. Be3 h6 26. Rd4 Be7 27. Qg4 Bf6 28. Rc1 Qe8 29. Rxe4 Qd8 30. Bd4 Bxd4 31. Rxd4 Qf6 32. Rc8+ Rxc8 33. Qxc8+ Kh7 34. Qc2+ g6 35. Rd3 Qf5 36. Qe2 Qg5 37. Qe3 Qf6 38. Qf3 Qe6 39. Re3 Qd7 40. Qf6 h5 41. Re7 Qxh3+ 42. Kg1 Qg4+ 43. Kh2 Kh6 44. Re8 Kh7 45. Rh8# 1-0

[Event "POL-chT U19 1st League"]
[Site "Ustron"]
[Date "2015.07.29"]
[Round "5.18"]
[White "Harazinska, Magdalena"]
[Black "Bilczewska, Olga"]
[Result "1/2-1/2"]
[WhiteElo "1857"]
[BlackElo "1673"]
[PlyCount "106"]
[EventDate "2015.07.25"]
[EventType "team-tourn"]
[EventRounds "9"]
[EventCountry "POL"]
[SourceTitle "EXT 2018"]
[Source "ChessBase"]
[SourceDate "2017.10.13"]
[SourceVersion "1"]
[SourceVersionDate "2017.10.13"]
[SourceQuality "1"]
[WhiteTeam "Victoria Komplexbud U19"]
[BlackTeam "Rydultowy Ognisko U19"]
[WhiteTeamCountry "POL"]
[BlackTeamCountry "POL"]

1. d4 Nf6 2. c4 e5 3. dxe5 Ng4 4. Bf4 g5 5. Bg3 Nc6 6. Nf3 Bg7 7. e3 Ngxe5 8. Nxe5 Nxe5 9. Nc3 d6 10. Be2 Be6 11. Rc1 Qd7 12. b3 0-0-0 13. 0-0 h5 14. Nb5 Kb8 15. Nd4 h4 16. Bxe5 Bxe5 17. Nxe6 Qxe6 18. Bf3 f5 19. Qd5 Qxd5 20. Bxd5 f4 21. exf4 Bxf4 22. Rce1 Rde8 23. Bf7 Rxe1 24. Rxe1 Be5 25. g3 hxg3 26. hxg3 Rf8 27. Bg6 Kc8 28. Kg2 Kd7 29. Rh1 Rh8 30. Bf5+ Ke7 31. Re1 Kf6 32. Be4 b6 33. Re2 g4 34. Bc6 Rh7 35. f4 gxf3+ 36. Kxf3 Rg7 37. Rg2 Ke6 38. g4 Kf6 39. Be4 Kg5 40. Bf5 Kf6 41. Rg1 Rg8 42. Rh1 Kf7 43. Rh7+ Rg7 44. Rh6 Bf6 45. Ke4 c6 46. Rh5 Rg5 47. Rxg5 Bxg5 48. Bd7 d5+ 49. cxd5 cxd5+ 50. Kxd5 Kf6 51. Kc6 Be3 52. b4 a5 53. b5 Kg5 1/2-1/2

[Event "POL-chT U19 1st League"]
[Site "Ustron"]
[Date "2015.07.26"]
[Round "2.12"]
[White "Bilczewska, Olga"]
[Black "Rudzinska, Michalina"]
[Result "0-1"]
[WhiteElo "1673"]
[BlackElo "1693"]
[PlyCount "90"]
[EventDate "2015.07.25"]
[EventType "team-tourn"]
[EventRounds "9"]
[EventCountry "POL"]
[SourceTitle "EXT 2018"]
[Source "ChessBase"]
[SourceDate "2017.10.13"]
[SourceVersion "1"]
[SourceVersionDate "2017.10.13"]
[SourceQuality "1"]
[WhiteTeam "Rydultowy Ognisko U19"]
[BlackTeam "Suwalki Hancza U19"]
[WhiteTeamCountry "POL"]
[BlackTeamCountry "POL"]

1. e4 c5 2. c3 d5 3. exd5 Qxd5 4. d4 Nf6 5. Nf3 e6 6. Be2 Nc6 7. 0-0 cxd4 8. cxd4 Be7 9. Nc3 Qd6 10. h3 0-0 11. Be3 Bd7 12. a3 Rfd8 13. Qb3 Na5 14. Qc2 Rac8 15. Rac1 Nd5 16. Qd3 Bf6 17. Ne4 Qe7 18. Nxf6+ Nxf6 19. Bg5 a6 20. Qe3 Rxc1 21. Rxc1 Bb5 22. Bxb5 axb5 23. Qe2 Qd7 24. Bxf6 gxf6 25. Qe3 Kg7 26. Rc5 Rg8 27. Rh5 Kf8 28. Rxh7 Ke7 29. Qf4 Nc4 30. b3 Nd6 31. Qh4 Nf5 32. Qh5 Qe8 33. d5 Ng7 34. Qh6 Nf5 35. Qd2 Qd7 36. dxe6 Qxd2 37. Rxf7+ Kxe6 38. Rxf6+ Kxf6 39. Nxd2 Nd4 40. g4 Ke5 41. Kg2 Kf4 42. b4 Rc8 43. Nb1 Nf3 44. g5 Rc1 45. h4 Kg4 0-1

[Event "POL-ch U14 Girls"]
[Site "Suwalki"]
[Date "2015.04.14"]
[Round "9"]
[White "Dwilewicz, Agata"]
[Black "Bilczewska, Olga"]
[Result "1-0"]
[WhiteElo "1686"]
[BlackElo "1558"]
[PlyCount "75"]
[EventDate "2015.04.08"]
[EventType "swiss"]
[EventRounds "9"]
[EventCountry "POL"]
[SourceTitle "EXT 2017"]
[Source "ChessBase"]
[SourceDate "2016.10.25"]
[SourceVersion "1"]
[SourceVersionDate "2016.10.25"]
[SourceQuality "1"]

1. e4 d5 2. exd5 Nf6 3. d4 Bg4 4. Be2 Bxe2 5. Qxe2 Qxd5 6. Nf3 Nc6 7. c4 Qe4 8. Nc3 Qg4 9. d5 Na5 10. Nb5 0-0-0 11. b3 a6 12. Nbd4 e5 13. Nc2 e4 14. Ne5 Qxg2 15. Rf1 Re8 16. Nxf7 Rg8 17. b4 h6 18. Bb2 Ng4 19. 0-0-0 Qf3 20. Qxf3 exf3 21. bxa5 Re7 22. h3 Nxf2 23. Rxf2 Rxf7 24. Rdf1 Bc5 25. Rxf3 Rd7 26. Nd4 Bb4 27. Ne6 g5 28. Ba3 Bxa3+ 29. Rxa3 h5 30. Raf3 b6 31. axb6 cxb6 32. Rg3 b5 33. cxb5 Rxd5 34. Rc3+ Kb8 35. Nc7 Rd6 36. Nxa6+ Ka8 37. Rf7 Rb6 38. Rcc7 1-0

[Event "POL-ch U14 Girls"]
[Site "Suwalki"]
[Date "2015.04.09"]
[Round "2"]
[White "Bilczewska, Olga"]
[Black "Kalinowska, Zuzanna"]
[Result "0-1"]
[WhiteElo "1558"]
[BlackElo "1782"]
[PlyCount "74"]
[EventDate "2015.04.08"]
[EventType "swiss"]
[EventRounds "9"]
[EventCountry "POL"]
[SourceTitle "EXT 2017"]
[Source "ChessBase"]
[SourceDate "2016.10.25"]
[SourceVersion "1"]
[SourceVersionDate "2016.10.25"]
[SourceQuality "1"]

1. e4 e6 2. d4 d5 3. Nc3 Bb4 4. exd5 exd5 5. Bd3 Nf6 6. Nge2 0-0 7. 0-0 h6 8. Be3 Re8 9. h3 c6 10. Ng3 Be6 11. Qd2 Nbd7 12. f4 Nb6 13. f5 Bd7 14. Qc1 Nc4 15. Bf4 Qb6 16. Nce2 Bf8 17. b3 Nd6 18. Be5 Rxe5 19. Kh1 Ree8 20. c4 Nde4 21. Nxe4 Nxe4 22. Qf4 Qb4 23. Ng3 Nxg3+ 24. Qxg3 Qd6 25. Rf4 Qf6 26. Qf3 Bd6 27. Rg4 h5 28. Rf4 Bxf4 29. Qxf4 Re7 30. Rf1 Rae8 31. Qf2 Re3 32. Bb1 Re2 33. Qf4 Re1 34. cxd5 cxd5 35. Bd3 Rxf1+ 36. Bxf1 Qxf5 37. Qc1 Qf2 0-1

[Event "POL Olympiad U12 Girls"]
[Site "Spala"]
[Date "2014.12.30"]
[Round "7.10"]
[White "Bilczewska, Olga"]
[Black "Choinska, Debora"]
[Result "1-0"]
[WhiteElo "1252"]
[BlackElo "1297"]
[PlyCount "67"]
[EventDate "2014.04.06"]
[EventType "swiss"]
[EventRounds "9"]
[EventCountry "POL"]
[SourceTitle "EXT 2023"]
[Source "ChessBase"]
[SourceDate "2022.10.05"]
[SourceVersion "1"]
[SourceVersionDate "2022.10.05"]
[SourceQuality "1"]

1. d4 d5 2. c4 e6 3. Nc3 Nf6 4. cxd5 Nxd5 5. e4 Nxc3 6. bxc3 Be7 7. Nf3 0-0 8. Bd3 Nd7 9. 0-0 Re8 10. Qc2 Nf8 11. Rd1 c6 12. Rb1 Qc7 13. e5 Ng6 14. g3 b6 15. h4 Bb7 16. h5 Nf8 17. Ng5 Bxg5 18. Bxg5 c5 19. Bb5 Rec8 20. h6 a6 21. hxg7 Ng6 22. Be2 Kxg7 23. Bf6+ Kf8 24. Qd2 Ke8 25. dxc5 bxc5 26. Qh6 Nf8 27. Qg7 Rab8 28. Rbc1 Ba8 29. Rd6 Bb7 30. Rcd1 Ra8 31. Qg8 Bc6 32. Bh5 Rab8 33. Rxe6+ Qe7 34. Rxe7# 1-0

[Event "POL-chT U19 2nd League"]
[Site "Borowice"]
[Date "2012.07.27"]
[Round "9"]
[White "Bilczewska, Olga"]
[Black "Buchta, Agnieszka"]
[Result "1-0"]
[WhiteElo "1284"]
[BlackElo "1296"]
[PlyCount "99"]
[EventDate "2012.07.21"]
[EventType "team-swiss"]
[EventRounds "11"]
[EventCountry "POL"]
[SourceTitle "EXT 2014"]
[Source "ChessBase"]
[SourceDate "2013.11.20"]
[SourceVersion "1"]
[SourceVersionDate "2013.11.20"]
[SourceQuality "1"]
[WhiteTeam "Rydultowy Ognisko U19"]
[BlackTeam "Podlesie UKS 21 U19"]
[WhiteTeamCountry "POL"]
[BlackTeamCountry "POL"]

1. e4 e6 2. d4 c5 3. Nf3 cxd4 4. Nxd4 Nf6 5. Nc3 Nc6 6. Ndb5 Bb4 7. a3 Bxc3+ 8. Nxc3 d5 9. exd5 Nxd5 10. Nxd5 Qxd5 11. Qxd5 exd5 12. Bf4 Be6 13. 0-0-0 a6 14. Bd3 0-0 15. Rhe1 b5 16. Re3 Rac8 17. Rg3 Kh8 18. Re1 d4 19. h4 Rfd8 20. Rg5 h6 21. Rg3 Rd5 22. Re2 Rh5 23. Re4 Bd5 24. Re2 Rxh4 25. Be5 Nxe5 26. Rxe5 Be6 27. Re4 Rxe4 28. Bxe4 Rc7 29. Rd3 Rd7 30. Kd2 Bc4 31. Rf3 Re7 32. Bd3 Rc7 33. Rf4 Rd7 34. Re4 g5 35. b3 Bxd3 36. Kxd3 Kg7 37. Rxd4 Rxd4+ 38. Kxd4 f5 39. c4 bxc4 40. bxc4 Kf7 41. Ke5 f4 42. Kd6 Kf6 43. c5 g4 44. c6 f3 45. gxf3 gxf3 46. c7 h5 47. c8Q h4 48. Qh8+ Kf5 49. Qxh4 Kg6 50. Qg4+ 1-0

[Event "POL-chT U19 2nd League"]
[Site "Borowice"]
[Date "2012.07.26"]
[Round "8"]
[White "Tomys, Wiktoria"]
[Black "Bilczewska, Olga"]
[Result "1-0"]
[WhiteElo "1246"]
[BlackElo "1284"]
[PlyCount "87"]
[EventDate "2012.07.21"]
[EventType "team-swiss"]
[EventRounds "11"]
[EventCountry "POL"]
[SourceTitle "EXT 2014"]
[Source "ChessBase"]
[SourceDate "2013.11.20"]
[SourceVersion "1"]
[SourceVersionDate "2013.11.20"]
[SourceQuality "1"]
[WhiteTeam "Wolsztyn UKS Szach U19"]
[BlackTeam "Rydultowy Ognisko U19"]
[WhiteTeamCountry "POL"]
[BlackTeamCountry "POL"]

1. e4 e5 2. Bc4 Bc5 3. Nc3 Nf6 4. d3 d6 5. a3 Nc6 6. Be3 0-0 7. Qd2 a6 8. Bg5 Na5 9. Nd5 Nxc4 10. Bxf6 Nxd2 11. Bxd8 Rxd8 12. Nxc7 Rb8 13. Kxd2 Bxf2 14. Nf3 Bc5 15. Rhf1 b5 16. Nd5 Rb7 17. b4 Ba7 18. a4 Be6 19. axb5 axb5 20. Nc3 Bb8 21. Ra5 Bd7 22. d4 Bc7 23. Ra3 f5 24. exf5 Bxf5 25. Nd5 Bb8 26. Ng5 Bg6 27. Raf3 Re8 28. dxe5 dxe5 29. Nc3 h6 30. Nge4 Rd8+ 31. Kc1 Rbd7 32. Rg3 Bxe4 33. Nxe4 Kh8 34. Nc5 Re7 35. Rgf3 Kh7 36. Rf7 Ree8 37. Rb7 Bd6 38. Rff7 Bf8 39. Nd7 Re7 40. Nxf8+ Rxf8 41. Rfxe7 Rg8 42. Rxe5 Rf8 43. Ree7 Rg8 44. Rxb5 1-0

[Event "POL-chT U19 2nd League"]
[Site "Borowice"]
[Date "2012.07.24"]
[Round "5"]
[White "Cieslak, Wiktoria"]
[Black "Bilczewska, Olga"]
[Result "0-1"]
[WhiteElo "1393"]
[BlackElo "1284"]
[PlyCount "84"]
[EventDate "2012.07.21"]
[EventType "team-swiss"]
[EventRounds "11"]
[EventCountry "POL"]
[SourceTitle "EXT 2014"]
[Source "ChessBase"]
[SourceDate "2013.11.20"]
[SourceVersion "1"]
[SourceVersionDate "2013.11.20"]
[SourceQuality "1"]
[WhiteTeam "Pszczyna PSSz U19"]
[BlackTeam "Rydultowy Ognisko U19"]
[WhiteTeamCountry "POL"]
[BlackTeamCountry "POL"]

1. e4 e5 2. Nc3 Nc6 3. g3 Bc5 4. Bg2 Nf6 5. d3 d6 6. Nge2 Be6 7. 0-0 0-0 8. h3 Qd7 9. Kh2 d5 10. exd5 Nxd5 11. Ne4 Be7 12. f4 h6 13. fxe5 Nxe5 14. Nf4 Nxf4 15. Bxf4 Ng6 16. Be3 Qb5 17. b3 f5 18. Nc3 Qe5 19. Qd2 Bb4 20. d4 Qf6 21. Qd3 c6 22. Ne2 Bd6 23. Nf4 Rad8 24. Nxe6 Qxe6 25. Rae1 Qf6 26. c3 f4 27. Bxf4 Nxf4 28. gxf4 Bxf4+ 29. Kh1 Qh4 30. Re4 Qg5 31. Rf3 Bd6 32. Ree3 Rfe8 33. Kg1 Bf4 34. Re4 Bd6 35. Rfe3 Rxe4 36. Qxe4 Rf8 37. Re1 Qg3 38. Qe6+ Kh8 39. Re5 Bxe5 40. dxe5 Rf2 41. Qg4 Rxg2+ 42. Kf1 Qf2# 0-1

[Event "POL-chT U19 2nd League"]
[Site "Borowice"]
[Date "2012.07.23"]
[Round "3"]
[White "Klisz, Karolina"]
[Black "Bilczewska, Olga"]
[Result "1-0"]
[WhiteElo "1323"]
[BlackElo "1284"]
[PlyCount "71"]
[EventDate "2012.07.21"]
[EventType "team-swiss"]
[EventRounds "11"]
[EventCountry "POL"]
[SourceTitle "EXT 2014"]
[Source "ChessBase"]
[SourceDate "2013.11.20"]
[SourceVersion "1"]
[SourceVersionDate "2013.11.20"]
[SourceQuality "1"]
[WhiteTeam "Imielin MKSz Diagonalia U19"]
[BlackTeam "Rydultowy Ognisko U19"]
[WhiteTeamCountry "POL"]
[BlackTeamCountry "POL"]

1. e4 c5 2. d4 cxd4 3. c3 Nf6 4. e5 Nd5 5. cxd4 d6 6. Nf3 dxe5 7. dxe5 e6 8. Bd3 Nc6 9. 0-0 Qc7 10. Re1 g6 11. Be4 Nb6 12. Nc3 Bg7 13. Nb5 Qe7 14. Nd6+ Kf8 15. Bg5 f6 16. exf6 Bxf6 17. Qd2 h6 18. Bxh6+ Bg7 19. Qf4+ Kg8 20. Bg5 Qd7 21. Bxg6 Nd8 22. Bxd8 Nd5 23. Qf7+ Qxf7 24. Bxf7+ Kf8 25. Bg5 Bxb2 26. Rab1 Ba3 27. Bxe6 Nc3 28. Rb3 Bxd6 29. Rxc3 Bb4 30. Rxc8+ Rxc8 31. Bxc8 Bxe1 32. Nxe1 Kf7 33. Bxb7 Rb8 34. Bd5+ Kg6 35. Be3 Rb1 36. Be4+ 1-0

[Event "POL-chT U19 2nd League"]
[Site "Borowice"]
[Date "2012.07.22"]
[Round "2"]
[White "Bilczewska, Olga"]
[Black "Michalczuk, Sara"]
[Result "0-1"]
[WhiteElo "1284"]
[BlackElo "1458"]
[PlyCount "80"]
[EventDate "2012.07.21"]
[EventType "team-swiss"]
[EventRounds "11"]
[EventCountry "POL"]
[SourceTitle "EXT 2014"]
[Source "ChessBase"]
[SourceDate "2013.11.20"]
[SourceVersion "1"]
[SourceVersionDate "2013.11.20"]
[SourceQuality "1"]
[WhiteTeam "Rydultowy Ognisko U19"]
[BlackTeam "Zary ZKSz U19"]
[WhiteTeamCountry "POL"]
[BlackTeamCountry "POL"]

1. e4 e5 2. Nf3 Nc6 3. Bc4 Bc5 4. c3 Nf6 5. d4 exd4 6. cxd4 Bb4+ 7. Bd2 Bxd2+ 8. Nbxd2 d5 9. exd5 Nxd5 10. 0-0 0-0 11. Ne5 Nce7 12. Rc1 c6 13. Ne4 Bf5 14. Nc5 b6 15. Ncd3 f6 16. Nf3 Bg4 17. Nb4 Kh8 18. Nxd5 cxd5 19. Bb3 Nf5 20. Qd3 Ne7 21. h3 Bh5 22. Rfe1 Bf7 23. Qe3 Ng6 24. Ba4 Rc8 25. Nh2 Rxc1 26. Rxc1 Be8 27. Bb3 Bf7 28. Ba4 Be8 29. Bb3 Bf7 30. Qc3 Nf4 31. Qc2 Re8 32. Kh1 Ne2 33. Rd1 Nxd4 34. Qd3 Nxb3 35. Qxb3 Qd7 36. Qd3 Rd8 37. Nf3 Bg6 38. Qd2 Be4 39. Nd4 Qxh3+ 40. Kg1 Qxg2# 0-1